Pays les plus touchés par le paludisme - Statistiques

Statistiques générales
  • Ce quiz a été pris 22 fois
  • Le résultat moyen est 5 sur 7
Statistiques - réponses
Hint Réponse % Correct
15 millions/an Republique democratique du Congo
82%
27 millions/an Nigeria
77%
5 millions/an Mali
73%
8 millions/an Tanzanie
68%
5 millions/an Inde
59%
9 millions/an Ouganda
59%
11 millions/an Mozambique
55%
Aucun quiz correspondant
Distribution des résultats
% des personnes avec chaque résultat
Percentile par nombre de réponses
Votre historique - résultats
Vous n’avez pas pris ce quiz